| 000 | 00537cam a2200205ua 4500 | ||
|---|---|---|---|
| 001 | 121 | ||
| 008 | 110321n ii |||gr||||Z||||||eng | ||
| 020 | _a978-0-07-063677-4 | ||
| 020 | _a0-07-063677-x | ||
| 040 | _cMAIN | ||
| 082 | _a005 | ||
| 245 |
_aJAVA the complete reference. _cBy Herbert Schildt. |
||
| 250 | _a7th. | ||
| 260 |
_aNew Delhi.: _bMcgraw hill., _c2007. |
||
| 300 |
_axxx, 1024 p.: _bill; _c22 cm. |
||
| 653 | _aComputer science. | ||
| 653 | _aJAVA the complete reference. | ||
| 700 | _aSchiltd, Herbert., | ||
| 942 | _cBK | ||
| 999 |
_c111 _d111 |
||